Угадай польские слова - Statistics

General Stats
  • This quiz has been taken 449 times
  • The average score is 7 of 21
Answer Stats
Слово Перевод % Correct
Mleko Молоко
88%
Złoto Золото
87%
Kawa Кофе
65%
Ogórek Огурец
57%
Tydzień Неделя
37%
Herbata Чай
35%
Rok Год
35%
Sklep Магазин
32%
Żona Жена
32%
Rower Велосипед
31%
Niedźwiedź Медведь
29%
Lustro Зеркало
26%
Skóra Кожа
26%
Mgła Туман
23%
Wilk Волк
23%
Lody Мороженое
18%
Wołowina Говядина
16%
Wąs Усы
12%
Koszykówka Баскетбол
11%
Rolnik Фермер
11%
Blizna Шрам
7%
No matching quizzes found
Score Distribution
Percent of People with Each Score
Percentile by Number Answered
Your Score History
You have not taken this quiz